| 000 | 00568nam a2200217Ia 4500 | ||
|---|---|---|---|
| 005 | 20260429112140.0 | ||
| 008 | 260429s9999||||xx |||||||||||||| ||und|| | ||
| 020 | _a9781119897576 | ||
| 041 | _aEnglish | ||
| 082 |
_a709.04 _bROB |
||
| 100 | _aRobinson, Hilary | ||
| 245 | 0 |
_aFeminisms/museums/surveys : _ban anthology / _cHilary Robinson |
|
| 250 | _a1st ed. | ||
| 260 |
_aPondicherry : _bWiley Blackwell, _c2025. |
||
| 300 | _axvi, 624 p.; pbk | ||
| 650 | _a Museums | ||
| 650 | _a Surveys | ||
| 650 | _aFeminisms | ||
| 700 | _a Perry, Lara | ||
| 942 | _cTB | ||
| 999 |
_c52595 _d52595 |
||